[Event "XIV Festival A"]
[Site "Campobasso ITA"]
[Date "2007.07.20"]
[Round "2"]
[White "Lazarev, Vladimir"]
[Black "Gerardi, Saverio"]
[Result "1-0"]
[WhiteElo "2498"]
[BlackElo "2130"]
[PlyCount "69"]
[EventDate "2007.07.20"]

1. d4 d5 2. c4 e6 3. Nf3 Nf6 4. g3 c5 5. cxd5 Nxd5 6. dxc5 Bxc5 7. Bg2 Nc6 8.
O-O O-O 9. a3 b6 10. Qa4 Bb7 11. Nbd2 a6 12. Ne4 b5 13. Qc2 Be7 14. Rd1 Qc8 15.
Bg5 f6 16. Bd2 f5 17. Nc3 Nf6 18. Rac1 Qe8 19. Qb3 Bd8 20. Bf4 Na5 21. Qa2 Nc4
22. a4 Ne4 23. b3 Nb6 24. Nxe4 Bxe4 25. Bd6 Be7 26. Qa3 Bxd6 27. Qxd6 Nc8 28.
Qe5 b4 29. Rc7 Rf7 30. Rxf7 Kxf7 31. Ng5+ Kg8 32. Bxe4 fxe4 33. Qxe4 Ne7 34.
Qxe6+ Kh8 35. Nf7+ 1-0

[Event "XIV Festival A"]
[Site "Campobasso ITA"]
[Date "2007.07.20"]
[Round "2"]
[White "Mazza, Daniele"]
[Black "Grasso, Nino"]
[Result "0-1"]
[WhiteElo "1757"]
[BlackElo "1981"]
[PlyCount "126"]
[EventDate "2007.07.20"]

1. e4 e5 2. Nf3 Nc6 3. d4 exd4 4. Nxd4 Bc5 5. Nb3 Bb6 6. Bd3 d5 7. O-O Nf6 8.
Bg5 dxe4 9. Bxe4 Bxf2+ 10. Kh1 Qxd1 11. Bxc6+ Bd7 12. Rxd1 Bxc6 13. Nc3 Ne4 14.
Nxe4 Bxe4 15. Rf1 h6 16. Bd2 Bh4 17. Rf4 Bxc2 18. Rxh4 O-O-O 19. Bc3 f6 20. Rd4
Rde8 21. Rd2 Bh7 22. Rad1 Re7 23. h3 Rhe8 24. Nc5 b6 25. Nb3 Be4 26. Re2 f5 27.
Nd4 g6 28. Nb5 a6 29. Nd4 Rf7 30. Red2 c5 31. Nf3 Rfe7 32. Bf6 Re6 33. Rd8+
Rxd8 34. Bxd8 b5 35. Bh4 Kc7 36. Bg3+ Kb6 37. Rd6+ Rxd6 38. Bxd6 b4 39. Nd2 Bd5
40. b3 Kb5 41. Bf4 g5 42. Be5 a5 43. Bg7 h5 44. Bf6 g4 45. hxg4 hxg4 46. Kg1 a4
47. Kf2 f4 48. Be5 f3 49. g3 axb3 50. axb3 c4 51. bxc4+ Bxc4 52. Ne4 Ka4 53.
Nf6 Be6 54. Bd4 Kb3 55. Ke3 Kc2 56. Nxg4 Bxg4 57. Kf4 b3 58. Kxg4 f2 59. Bxf2
b2 60. Be3 b1=Q 61. Bf4 Kd3 62. Kg5 Ke4 63. Kg4 Qb5 0-1

[Event "XIV Festival A"]
[Site "Campobasso ITA"]
[Date "2007.07.20"]
[Round "2"]
[White "Merendino, Riccardo"]
[Black "Bottega, Antonio"]
[Result "0-1"]
[WhiteElo "1879"]
[BlackElo "1986"]
[PlyCount "86"]
[EventDate "2007.07.20"]

1. e4 e6 2. d4 d5 3. Nc3 Nf6 4. e5 Nfd7 5. f4 c5 6. Nf3 Nc6 7. Be3 a6 8. Be2
Be7 9. O-O O-O 10. dxc5 Bxc5 11. Qd2 Qb6 12. Bxc5 Qxc5+ 13. Kh1 f6 14. Bd3 Nb4
15. Ne2 Nxd3 16. Qxd3 Qe7 17. c4 Nc5 18. Qc2 dxc4 19. Qxc4 b5 20. Qc2 Bb7 21.
Ng3 f5 22. Rad1 Rfd8 23. Rxd8+ Rxd8 24. Rd1 Na4 25. b3 Nb6 26. Rxd8+ Qxd8 27.
Qd2 Qxd2 28. Nxd2 Nd5 29. Ne2 Ne3 30. Nf3 Bxf3 31. gxf3 Nd5 32. Kg2 Kf7 33. Kg3
Ke7 34. h4 b4 35. Nd4 Kd7 36. Nc2 a5 37. a3 a4 38. axb4 axb3 39. Na3 b2 40. Nb1
Kc6 41. Kf2 Kb5 42. Ke2 Kxb4 43. Kd3 Kb3 0-1

[Event "XIV Festival A"]
[Site "Campobasso ITA"]
[Date "2007.07.20"]
[Round "2"]
[White "Palladino, Andrea"]
[Black "Parrella, Alfredo"]
[Result "1/2-1/2"]
[WhiteElo "1980"]
[BlackElo "2137"]
[PlyCount "103"]
[EventDate "2007.07.20"]

1. e4 c5 2. Nf3 Nc6 3. d4 cxd4 4. Nxd4 e6 5. Nb5 d6 6. Bf4 e5 7. Be3 a6 8. N5c3
Nf6 9. Bg5 Be7 10. Bxf6 Bxf6 11. Bc4 O-O 12. Nd5 Be6 13. Nbc3 Bg5 14. h4 Bh6
15. g4 Bf4 16. a4 Rc8 17. Ba2 Kh8 18. Ne3 Bxe3 19. fxe3 Qb6 20. Qf3 Qxb2 21.
O-O Bxa2 22. Nxa2 Qxc2 23. Rf2 Qb3 24. Rd1 Na5 25. Rxd6 Qxa4 26. Rf6 Qa3 27. h5
Qe7 28. Rf5 Kg8 29. g5 Nb3 30. Qg3 Nc1 31. g6 f6 32. h6 hxg6 33. Qxg6 Qf7 34.
Qg4 Kh7 35. Rh2 g6 36. Rf1 Nxa2 37. Rhf2 Rc1 38. Rxc1 Nxc1 39. Rd2 Re8 40. Qd1
Nb3 41. Rd7 Re7 42. Rxe7 Qxe7 43. Qxb3 Kxh6 44. Qg8 Qg7 45. Qe6 Kg5 46. Qh3 Qc7
47. Kg2 Qc1 48. Qg3+ Kh6 49. Qh3+ Kg7 50. Qd7+ Kg8 51. Qd8+ Kg7 52. Qd7+
1/2-1/2

[Event "XIV Festival A"]
[Site "Campobasso ITA"]
[Date "2007.07.20"]
[Round "2"]
[White "Petruccioli, Antonio"]
[Black "Mrdja, Milan"]
[Result "0-1"]
[WhiteElo "2100"]
[BlackElo "2385"]
[PlyCount "83"]
[EventDate "2007.07.20"]

1. e4 c5 2. Nf3 d6 3. Bb5+ Nd7 4. c3 Ngf6 5. e5 dxe5 6. Nxe5 a6 7. Nxd7 Bxd7 8.
Bxd7+ Qxd7 9. d4 Rd8 10. Be3 e6 11. Qe2 Nd5 12. O-O Nxe3 13. fxe3 Be7 14. Nd2
O-O 15. Nf3 b5 16. Ne5 Qc7 17. Rf2 Bd6 18. Nf3 e5 19. Rd1 Rfe8 20. d5 Qe7 21.
g3 f5 22. c4 Rb8 23. b3 e4 24. Nh4 g6 25. Ng2 bxc4 26. Qxc4 a5 27. Nf4 Rb4 28.
Qa6 a4 29. bxa4 Qd7 30. Ne6 Reb8 31. a5 Be5 32. Rfd2 c4 33. a3 Rb3 34. Nc5 Qd6
35. Qxd6 Bxd6 36. Nxb3 Rxb3 37. Rc2 c3 38. Rdc1 Be5 39. a4 Ra3 40. a6 Rxa4 41.
Rxc3 Bxc3 42. Rxc3 0-1

[Event "XIV Festival A"]
[Site "Campobasso ITA"]
[Date "2007.07.20"]
[Round "2"]
[White "Safranska, Anda"]
[Black "Piro, Valerio"]
[Result "1-0"]
[WhiteElo "2301"]
[BlackElo "2096"]
[PlyCount "113"]
[EventDate "2007.07.20"]

1. e4 c6 2. d3 d5 3. Nd2 e5 4. Ngf3 Bd6 5. g3 Nf6 6. Bg2 Bg4 7. h3 Bxf3 8. Qxf3
O-O 9. O-O Nbd7 10. Re1 Qa5 11. c3 Rae8 12. g4 Kh8 13. g5 Ng8 14. exd5 cxd5 15.
Qxd5 Qxd5 16. Bxd5 Nc5 17. Ne4 Nxe4 18. dxe4 b6 19. Rd1 Bc5 20. b4 Be7 21. Be3
h6 22. gxh6 Nxh6 23. a4 f5 24. Bd2 b5 25. c4 bxc4 26. Bxc4 Nf7 27. Bxf7 Rxf7
28. Rac1 Bf8 29. Kg2 Rb7 30. Kf3 Bxb4 31. Rb1 Reb8 32. Rxb4 Rxb4 33. Bxb4 Rxb4
34. Rd5 Rb3+ 35. Kg2 Ra3 36. Rxe5 Kg8 37. Rxf5 Kh7 38. Rf4 Rxa4 39. Kf3 Kg6 40.
h4 Ra1 41. Rg4+ Kf7 42. Kf4 a5 43. Rg5 a4 44. Ra5 a3 45. Ke5 a2 46. f4 Kg6 47.
Ra6+ Kh5 48. Kf5 Kxh4 49. e5 Kh5 50. e6 g5 51. e7 Re1 52. Rxa2 Kh4 53. fxg5
Rxe7 54. g6 Rb7 55. Rh2+ Kg3 56. Re2 Kh4 57. Kf6 1-0

[Event "XIV Festival A"]
[Site "Campobasso ITA"]
[Date "2007.07.20"]
[Round "2"]
[White "Sannino, Raffaele"]
[Black "Ljubisavljevic, Zivojin Z."]
[Result "0-1"]
[WhiteElo "2037"]
[BlackElo "2296"]
[PlyCount "84"]
[EventDate "2007.07.20"]

1. d4 Nf6 2. c4 c5 3. d5 b5 4. a4 bxc4 5. Nc3 d6 6. e4 Ba6 7. Nf3 g6 8. e5 dxe5
9. Nxe5 Bg7 10. Nxc4 O-O 11. Be2 Nbd7 12. O-O Bxc4 13. Bxc4 Nb6 14. Ba2 Rc8 15.
Qf3 c4 16. Rd1 Qd7 17. a5 Na4 18. Nxa4 Qxa4 19. Bd2 Ne8 20. Bc3 Bxc3 21. Qxc3
Nd6 22. h4 Rc5 23. b4 Rc7 24. h5 Rb8 25. hxg6 hxg6 26. Rdb1 Qd7 27. Qd4 Qf5 28.
Re1 Qf6 29. Qxf6 exf6 30. Rab1 Rcb7 31. Kh2 Kf8 32. Rb2 Rxb4 33. Rc2 Ra4 34.
Rec1 Rc8 35. Bb3 Rxa5 36. Bxc4 Rac5 37. Bb3 Rxc2 38. Rxc2 Rxc2 39. Bxc2 Ke7 40.
Ba4 Ne4 41. f3 Nc3 42. Bc6 a5 0-1

[Event "XIV Festival A"]
[Site "Campobasso ITA"]
[Date "2007.07.20"]
[Round "2"]
[White "Scalcione, Michelangelo"]
[Black "Canelli, Daniele"]
[Result "1-0"]
[WhiteElo "2288"]
[BlackElo "2054"]
[PlyCount "95"]
[EventDate "2007.07.20"]

1. Nf3 c5 2. c4 Nf6 3. d4 cxd4 4. Nxd4 Nc6 5. Nc3 a6 6. e4 e6 7. Nc2 Qc7 8. f4
Bc5 9. e5 Ng8 10. Ne4 Be7 11. Be3 Nh6 12. c5 O-O 13. Bd3 Nf5 14. Bf2 Qa5+ 15.
Qd2 Qxd2+ 16. Kxd2 Bd8 17. b4 Nfe7 18. a4 Nd5 19. b5 Ncb4 20. Nxb4 Nxb4 21. Bc4
a5 22. Rad1 Be7 23. Kc3 Rb8 24. Rhe1 b6 25. f5 exf5 26. Nd6 Bxd6 27. Rxd6 bxc5
28. Bxc5 Bb7 29. Rxd7 Rfc8 30. Bxb4 axb4+ 31. Kxb4 Rf8 32. g3 Be4 33. e6 fxe6
34. Bxe6+ Kh8 35. Rc1 Rbe8 36. Bf7 Rd8 37. Rcc7 Rxd7 38. Rxd7 g5 39. b6 f4 40.
gxf4 gxf4 41. Bd5 Bxd5 42. Rxd5 f3 43. Rd1 Kg7 44. a5 Rf4+ 45. Kb5 f2 46. Rf1
Rf5+ 47. Ka6 Kg6 48. b7 1-0

[Event "XIV Festival A"]
[Site "Campobasso ITA"]
[Date "2007.07.20"]
[Round "2"]
[White "Stoyko, Maksym"]
[Black "Fagnani, Alessandro"]
[Result "1-0"]
[WhiteElo "2129"]
[BlackElo "1860"]
[PlyCount "64"]
[EventDate "2007.07.20"]

1. d4 d5 2. c4 e6 3. Nc3 Nf6 4. cxd5 exd5 5. Bg5 Be7 6. e3 Be6 7. Bd3 Nbd7 8.
Nge2 O-O 9. O-O h6 10. Bh4 c5 11. dxc5 Nxc5 12. Bc2 Nfe4 13. Bxe7 Qxe7 14. Qd4
Rfd8 15. b4 Na6 16. a3 Nxc3 17. Qxc3 Rac8 18. Qd3 g6 19. Nd4 Nc7 20. f4 f5 21.
Ba4 Bf7 22. Rfd1 Qe4 23. Nf3 b5 24. Bb3 Re8 25. Ne5 Rcd8 26. Rac1 Ne6 27. Nxf7
Kxf7 28. Bxd5 Rxd5 29. Qxd5 Qxe3+ 30. Kh1 Rd8 31. Qe5 Qxa3 32. Ra1 Rd4 1-0

[Event "XIV Festival A"]
[Site "Campobasso ITA"]
[Date "2007.07.20"]
[Round "2"]
[White "Zimina, Olga"]
[Black "Scerbo, Antonio"]
[Result "1-0"]
[WhiteElo "2377"]
[BlackElo "2100"]
[PlyCount "75"]
[EventDate "2007.07.20"]

1. e4 c5 2. Nf3 Nc6 3. Nc3 Nf6 4. d4 cxd4 5. Nxd4 e5 6. Ndb5 d6 7. Bg5 a6 8.
Na3 b5 9. Nd5 Be7 10. Bxf6 Bxf6 11. c3 O-O 12. Nc2 Rb8 13. a4 bxa4 14. Ncb4
Nxb4 15. cxb4 Bd7 16. Bxa6 Bg5 17. O-O g6 18. Rxa4 Bxa4 19. Qxa4 f5 20. b5 fxe4
21. Qxe4 Qd7 22. b6 Kh8 23. Qc4 Bd8 24. b7 Rxb7 25. Bxb7 Qxb7 26. b4 Bb6 27. b5
Bd4 28. g3 Qa7 29. Kg2 Qa3 30. f4 Qb2+ 31. Kh3 Ra8 32. fxe5 Bxe5 33. Rf7 Qd2
34. b6 Qh6+ 35. Qh4 Qxh4+ 36. Kxh4 Kg8 37. b7 Rb8 38. Rc7 1-0

[Event "XIV Festival A"]
[Site "Campobasso ITA"]
[Date "2007.07.21"]
[Round "3"]
[White "Amato, Andrea"]
[Black "Sannino, Raffaele"]
[Result "1-0"]
[WhiteElo "2267"]
[BlackElo "2037"]
[PlyCount "67"]
[EventDate "2007.07.20"]

1. e4 e5 2. Nf3 Nc6 3. d4 exd4 4. Nxd4 Bb4+ 5. c3 Bc5 6. Nxc6 bxc6 7. Bd3 Nf6
8. O-O d6 9. Bg5 h6 10. Bh4 g5 11. Bg3 Bg4 12. Qa4 Bd7 13. e5 Nh5 14. exd6 Nxg3
15. hxg3 cxd6 16. Re1+ Kf8 17. Nd2 d5 18. Nb3 Bb6 19. Qb4+ Kg7 20. Nc5 Bc8 21.
Na4 Be6 22. Nxb6 axb6 23. Qd4+ Qf6 24. Qxb6 Rhb8 25. Qc5 Rxb2 26. Re2 Rb3 27.
Rc1 Rba3 28. Bb1 R8a6 29. Rb2 Bf5 30. Bxf5 Qxf5 31. Rb8 Rxa2 32. Qf8+ Kg6 33.
Qg8+ Kh5 34. g4+ 1-0

[Event "XIV Festival A"]
[Site "Campobasso ITA"]
[Date "2007.07.21"]
[Round "3"]
[White "Bottega, Antonio"]
[Black "Petruccioli, Antonio"]
[Result "0-1"]
[WhiteElo "1986"]
[BlackElo "2100"]
[PlyCount "80"]
[EventDate "2007.07.20"]

1. d4 d5 2. Nf3 Nf6 3. Nbd2 c6 4. e3 g6 5. b3 Bg7 6. Bb2 O-O 7. Bd3 Bg4 8. h3
Bc8 9. Qe2 b5 10. a4 b4 11. Ne5 a5 12. O-O-O Nfd7 13. f4 f6 14. Nef3 e6 15. g4
Qc7 16. g5 f5 17. h4 Ba6 18. Kb1 Rc8 19. Rc1 c5 20. Bxa6 Nxa6 21. dxc5 Bxb2 22.
Kxb2 Naxc5 23. Nd4 e5 24. Nb5 Qc6 25. Qh2 Nxa4+ 26. bxa4 Nc5 27. c4 dxc4 28.
Nxc4 Nxa4+ 29. Ka1 Qxb5 30. Nd6 Rxc1+ 31. Rxc1 Qd7 32. Qa2+ Kf8 33. Rc6 Nc5 34.
Qc4 Ne6 35. fxe5 a4 36. Rb6 Nd8 37. Qxb4 Kg7 38. Qd4 Qe6 39. Qc5 Kg8 40. Nxf5
Qxf5 0-1

[Event "XIV Festival A"]
[Site "Campobasso ITA"]
[Date "2007.07.21"]
[Round "3"]
[White "Canelli, Daniele"]
[Black "Borino, Paolo"]
[Result "1-0"]
[WhiteElo "2054"]
[BlackElo "1968"]
[PlyCount "91"]
[EventDate "2007.07.20"]

1. e4 d6 2. d4 Nf6 3. Nc3 c6 4. Nf3 Bg4 5. Be2 Nbd7 6. h3 Bh5 7. Bg5 Qc7 8. Qd3
e5 9. g4 Bg6 10. Nh4 Be7 11. Nf5 Bxf5 12. gxf5 b5 13. a3 exd4 14. Qxd4 a6 15.
Qe3 O-O 16. Rg1 Rfe8 17. Qg3 Bf8 18. O-O-O Nxe4 19. Nxe4 Rxe4 20. Bd3 Nc5 21.
Bxe4 Nxe4 22. Qf4 Nxg5 23. Qxg5 b4 24. a4 b3 25. cxb3 Rb8 26. Rd3 Rb4 27. h4
Qb6 28. Qg3 c5 29. Re3 c4 30. Re8 g6 31. fxg6 hxg6 32. Qc3 Rxb3 33. Qxc4 d5 34.
Qc8 Qd6 35. h5 Rb6 36. Kb1 Qb4 37. Qc2 Kg7 38. hxg6 Rxg6 39. Rxg6+ fxg6 40.
Qc7+ Kg8 41. Qe5 Qc4 42. Qe6+ Kg7 43. Rc8 Qd3+ 44. Ka2 a5 45. Rc7+ Kh6 46. Qf6
1-0

[Event "XIV Festival A"]
[Site "Campobasso ITA"]
[Date "2007.07.21"]
[Round "3"]
[White "Capuano, Francesca"]
[Black "Chicco, Giancarlo"]
[Result "1/2-1/2"]
[WhiteElo "1934"]
[BlackElo "1658"]
[PlyCount "60"]
[EventDate "2007.07.20"]

1. d4 b6 2. Nf3 Bb7 3. Bf4 d6 4. Nbd2 g6 5. e3 Bg7 6. Be2 e6 7. c3 Ne7 8. e4
Nd7 9. O-O O-O 10. Re1 h6 11. h3 Nc6 12. Bd3 e5 13. Be3 a6 14. Nf1 exd4 15.
cxd4 Nb4 16. Bb1 Nc6 17. Qd2 Kh7 18. Bd3 a5 19. Rac1 Nb4 20. Bb1 Rc8 21. a3 Nc6
22. Qd3 Ne7 23. h4 Nf6 24. Ng3 Kh8 25. Qd2 Neg8 26. Qd3 Qe7 27. h5 Rfe8 28. Bd2
Nh7 29. hxg6 fxg6 30. e5 Nf8 1/2-1/2

[Event "XIV Festival A"]
[Site "Campobasso ITA"]
[Date "2007.07.21"]
[Round "3"]
[White "Castellano, Alfonso"]
[Black "Ficco, Corrado"]
[Result "0-1"]
[WhiteElo "1903"]
[BlackElo "2158"]
[PlyCount "58"]
[EventDate "2007.07.20"]

1. c4 e6 2. g3 Nf6 3. Bg2 c5 4. Nf3 Nc6 5. O-O d5 6. b3 Be7 7. Bb2 O-O 8. d3 d4
9. e3 e5 10. e4 Ne8 11. Ne1 f5 12. f4 Nd6 13. Nd2 Qc7 14. Qe2 Bf6 15. Nc2 Rb8
16. a4 Bd7 17. Ba3 b6 18. exf5 exf4 19. g4 Rbe8 20. Bd5+ Kh8 21. Qg2 Ne5 22.
Ne1 Bc6 23. h3 Bxd5 24. Qxd5 Nc6 25. Qg2 Re3 26. Rxf4 Nxf5 27. Rxf5 Rg3 28. g5
Rxg2+ 29. Kxg2 Qc8 0-1

[Event "XIV Festival A"]
[Site "Campobasso ITA"]
[Date "2007.07.21"]
[Round "3"]
[White "Cordi', Domenico"]
[Black "Bitossi, Massimo"]
[Result "1-0"]
[WhiteElo "2062"]
[BlackElo "1892"]
[PlyCount "95"]
[EventDate "2007.07.20"]

1. d4 Nf6 2. Nf3 c5 3. d5 e6 4. c4 exd5 5. cxd5 d6 6. Nc3 g6 7. e4 Bg7 8. Be2
O-O 9. O-O Re8 10. Nd2 Na6 11. Kh1 Nc7 12. a4 b6 13. Re1 Rb8 14. Bb5 Bd7 15.
Bxd7 Qxd7 16. f3 a6 17. Nc4 Nh5 18. g4 Nf6 19. Bf4 Bf8 20. e5 dxe5 21. Nxe5
Rxe5 22. Bxe5 Bg7 23. Qd3 Nxg4 24. fxg4 Rd8 25. Bxg7 Kxg7 26. Qf3 Qd6 27. Rad1
b5 28. Ne4 Qb6 29. a5 Qb8 30. Qf6+ Kg8 31. Rf1 Rf8 32. Nxc5 Qc8 33. d6 Ne8 34.
d7 Nxf6 35. dxc8=Q Rxc8 36. Rxf6 Rxc5 37. Rxa6 Rc2 38. Rb1 b4 39. Rb6 Rc5 40.
a6 Ra5 41. Kg2 Kg7 42. Kf3 b3 43. Re1 Ra2 44. Re2 h5 45. gxh5 gxh5 46. Ke3 f6
47. Kd3 Kg6 48. Kc3 1-0

[Event "XIV Festival A"]
[Site "Campobasso ITA"]
[Date "2007.07.21"]
[Round "3"]
[White "De Toma, Francesco"]
[Black "Bocci, Alessandro"]
[Result "1-0"]
[WhiteElo "1744"]
[BlackElo "1929"]
[PlyCount "118"]
[EventDate "2007.07.20"]

1. e4 c5 2. Nf3 Nc6 3. Bb5 e6 4. O-O Nge7 5. Re1 a6 6. Bf1 g6 7. c3 Bg7 8. d3
O-O 9. Nbd2 b5 10. a3 Bb7 11. Nb3 d6 12. d4 cxd4 13. Nbxd4 Nxd4 14. Nxd4 Qc7
15. Bg5 h6 16. Bxe7 Qxe7 17. Qg4 Rac8 18. Rad1 Rfd8 19. Qg3 Rc7 20. f4 e5 21.
Nf3 exf4 22. Qxf4 d5 23. exd5 Qc5+ 24. Kh1 Bxd5 25. h3 Rcc8 26. Nd4 Bb7 27. Nf3
Rxd1 28. Rxd1 Qf2 29. Qd2 Qxd2 30. Rxd2 Rc7 31. Be2 Kf8 32. Kg1 Ke7 33. Kf2 Rd7
34. Rxd7+ Kxd7 35. Nd2 Bc6 36. Bf3 Bf6 37. Ne4 Be7 38. Ke3 f5 39. Nd2 Kd6 40.
Bxc6 Bg5+ 41. Kd3 Kxc6 42. Nf3 Bf6 43. b3 Kc5 44. Ng1 g5 45. Ne2 Kd5 46. Ke3
Be7 47. Kd3 a5 48. Nd4 Bxa3 49. Nxf5 h5 50. Nd4 b4 51. c4+ Kd6 52. Kc2 g4 53.
hxg4 hxg4 54. g3 Kc5 55. Nf5 a4 56. Ne3 axb3+ 57. Kxb3 Bc1 58. Nxg4 Bd2 59. Nf6
Kd4 1-0

[Event "XIV Festival A"]
[Site "Campobasso ITA"]
[Date "2007.07.21"]
[Round "3"]
[White "Di Gianni, Rocco"]
[Black "Scalcione, Michelangelo"]
[Result "0-1"]
[WhiteElo "2136"]
[BlackElo "2288"]
[PlyCount "106"]
[EventDate "2007.07.20"]

1. e4 d6 2. d4 Nf6 3. Nc3 e5 4. Nf3 Nbd7 5. Be2 Be7 6. O-O O-O 7. Re1 c6 8. a4
b6 9. h3 a6 10. Bg5 Bb7 11. Bf1 Qc7 12. Qd2 Rfe8 13. d5 cxd5 14. exd5 Rac8 15.
Rad1 Bf8 16. Qc1 h6 17. Be3 Qb8 18. Qd2 Qa8 19. Nh4 Kh7 20. g4 g6 21. g5 hxg5
22. Bxg5 Bg7 23. Bg2 Rc4 24. Nf3 Qc8 25. Bf1 Rc7 26. Bh4 Rh8 27. Bg3 Kg8 28.
Ng5 Bh6 29. f4 Nh5 30. Bh2 Nxf4 31. Bxf4 exf4 32. Qxf4 Ne5 33. Rxe5 dxe5 34.
Qxe5 Bxg5 35. Qxg5 Rh5 36. Qg3 Re7 37. Bg2 Qc5+ 38. Kh1 Re3 39. Qf4 Qe7 40. Ne4
Rhxh3+ 41. Kg1 Rxe4 42. Qxe4 Qg5 43. Re1 Rg3 44. c4 Kh7 45. Kf2 Rg4 46. Bf3
Qh4+ 47. Kf1 Rxe4 48. Rxe4 Qh3+ 49. Kf2 Qh2+ 50. Bg2 Qd6 51. b3 Kg7 52. Ke3 Bc8
53. Bf3 Bf5 0-1

[Event "XIV Festival A"]
[Site "Campobasso ITA"]
[Date "2007.07.21"]
[Round "3"]
[White "Di Lascio, Savino"]
[Black "Merendino, Riccardo"]
[Result "0-1"]
[WhiteElo "2014"]
[BlackElo "1879"]
[PlyCount "161"]
[EventDate "2007.07.20"]

1. Nf3 d5 2. g3 Nf6 3. Bg2 e6 4. O-O Be7 5. d3 b6 6. Nbd2 Bb7 7. Ne5 Nbd7 8. d4
c5 9. e3 Qc7 10. f4 O-O 11. Rf2 Rac8 12. c3 Nxe5 13. fxe5 Nd7 14. Qg4 Rce8 15.
e4 Bd8 16. exd5 Bxd5 17. Ne4 f5 18. exf6 Nxf6 19. Nxf6+ Bxf6 20. Bf4 Qc6 21.
Bh6 Qb7 22. Bxd5 exd5 23. dxc5 Re4 24. Rf4 Rfe8 25. Raf1 Rxf4 26. Rxf4 Qe7 27.
Rf1 bxc5 28. Bd2 d4 29. Re1 Qf7 30. Rxe8+ Qxe8 31. Qf3 Qd7 32. g4 dxc3 33. Bxc3
Bxc3 34. bxc3 c4 35. h3 h6 36. Qe2 Qd5 37. Kf2 Kh8 38. a3 a6 39. a4 Qc6 40. a5
Qc5+ 41. Qe3 Qxa5 42. Qe8+ Kh7 43. Qe4+ Kh8 44. Qxc4 Qb6+ 45. Ke2 a5 46. Kd3
Qd6+ 47. Kc2 Qh2+ 48. Kb3 Qxh3 49. Ka4 Qf3 50. Kxa5 Qa8+ 51. Kb4 Qb7+ 52. Ka3
Kh7 53. Qd4 Qa6+ 54. Kb4 Qb7+ 55. Kc4 Kg6 56. Qd3+ Kf6 57. Qf5+ Ke7 58. Kd4
Qb6+ 59. Kd3 Qf6 60. Qe4+ Qe6 61. Qb4+ Qd6+ 62. Ke4 g6 63. Qb7+ Qd7 64. Qxd7+
Kxd7 65. Ke5 h5 66. g5 Kc6 67. Kf6 h4 68. Kxg6 h3 69. Kf7 h2 70. g6 h1=Q 71. g7
Qf3+ 72. Ke7 Qe4+ 73. Kf7 Qf5+ 74. Ke7 Qg6 75. Kf8 Qf6+ 76. Kg8 Kd6 77. Kh7 Qf7
78. Kh8 Qh5+ 79. Kg8 Ke6 80. c4 Kf6 81. c5 0-1

[Event "XIV Festival A"]
[Site "Campobasso ITA"]
[Date "2007.07.21"]
[Round "3"]
[White "Fagnani, Alessandro"]
[Black "Iodice, Fabio"]
[Result "0-1"]
[WhiteElo "1860"]
[BlackElo "1986"]
[PlyCount "66"]
[EventDate "2007.07.20"]

1. e4 d5 2. exd5 Qxd5 3. Nc3 Qd6 4. Nf3 Nf6 5. Bc4 a6 6. d4 b5 7. Bb3 Bb7 8.
Ne5 e6 9. Bf4 Qb6 10. d5 Bb4 11. dxe6 Bxc3+ 12. bxc3 fxe6 13. O-O O-O 14. Be3
c5 15. Qe2 Nbd7 16. Nxd7 Nxd7 17. Qg4 Rf6 18. f3 Qc6 19. c4 Ne5 20. cxb5 axb5
21. Qh5 Rf5 22. Qh4 c4 23. Qg3 cxb3 24. cxb3 Raf8 25. Rac1 Qe8 26. Rc7 R8f7 27.
Rfc1 Ng6 28. h4 Qd8 29. h5 Nf8 30. Bb6 Qd2 31. h6 Rg5 32. Qh3 Bxf3 33. Rxf7
Rxg2+ 0-1

[Event "XIV Festival A"]
[Site "Campobasso ITA"]
[Date "2007.07.21"]
[Round "3"]
[White "Gatti, Francesco"]
[Black "Improta, Giovanni"]
[Result "0-1"]
[WhiteElo "1760"]
[BlackElo "1935"]
[PlyCount "56"]
[EventDate "2007.07.20"]

1. e4 g6 2. d4 c5 3. f4 Bg7 4. Nf3 Qb6 5. c3 cxd4 6. cxd4 d6 7. Nc3 Bg4 8. e5
dxe5 9. dxe5 Nc6 10. Bb5 Rd8 11. Qe2 Nh6 12. Be3 Qa5 13. a3 O-O 14. Bxc6 bxc6
15. b4 Qc7 16. Rc1 Nf5 17. Nb5 Qd7 18. Nxa7 Nxe3 19. Qxe3 Bxf3 20. gxf3 Qh3 21.
Nxc6 Rd7 22. Ke2 Qg2+ 23. Qf2 Rd2+ 24. Kxd2 Qxf2+ 25. Kc3 Qxf3+ 26. Kb2 Qxf4
27. a4 Bxe5+ 28. Ka2 Qd2+ 0-1

[Event "XIV Festival A"]
[Site "Campobasso ITA"]
[Date "2007.07.21"]
[Round "3"]
[White "Gerardi, Saverio"]
[Black "Palladino, Andrea"]
[Result "1-0"]
[WhiteElo "2130"]
[BlackElo "1980"]
[PlyCount "45"]
[EventDate "2007.07.20"]

1. e4 e5 2. Nc3 Nf6 3. f4 d5 4. fxe5 Nxe4 5. Nf3 Bb4 6. Be2 Nc6 7. O-O Bg4 8.
Qe1 Qd7 9. Bb5 Bxc3 10. bxc3 O-O 11. d3 Nc5 12. Ba3 Ne6 13. Bxf8 Rxf8 14. Qh4
Bf5 15. Nd4 Bg6 16. Qg4 Qe7 17. Bxc6 bxc6 18. Nxe6 fxe6 19. Rxf8+ Kxf8 20. Qb4
Qxb4 21. cxb4 Ke7 22. Kf2 Kd7 23. Ke3 1-0

[Event "XIV Festival A"]
[Site "Campobasso ITA"]
[Date "2007.07.21"]
[Round "3"]
[White "Grasso, Nino"]
[Black "Fezza, Davide"]
[Result "1/2-1/2"]
[WhiteElo "1981"]
[BlackElo "2058"]
[PlyCount "117"]
[EventDate "2007.07.20"]

1. e4 c5 2. d4 d5 3. exd5 Qxd5 4. dxc5 Qxd1+ 5. Kxd1 e5 6. Be3 Nf6 7. Nc3 a6 8.
Nf3 Bg4 9. Be2 Nbd7 10. b4 a5 11. Nb5 Nd5 12. c4 Nxe3+ 13. fxe3 O-O-O 14. Nd6+
Bxd6 15. cxd6 axb4 16. Ng5 Be6 17. Nxe6 fxe6 18. Kc2 Nf6 19. a3 b3+ 20. Kxb3
Rxd6 21. Rhd1 Rb6+ 22. Kc2 Rc6 23. Rab1 Nd5 24. Kd2 Nb6 25. Rdc1 Rd8+ 26. Ke1
e4 27. Rb4 Nd7 28. Rd1 Nc5 29. Rxd8+ Kxd8 30. Rb1 Kc7 31. Rd1 Ra6 32. Ra1 Kd6
33. Kf2 Ke5 34. Ra2 Ra4 35. Ra1 Nd3+ 36. Bxd3 exd3 37. Rb1 Rxa3 38. Rxb7 Ra2+
39. Kf3 Ra1 40. Rd7 Rf1+ 41. Kg3 Ke4 42. c5 Kxe3 43. Re7 d2 44. Rxe6+ Kd4 45.
Rd6+ Kc3 46. c6 Rf8 47. c7 Rc8 48. Rc6+ Kd3 49. Rd6+ Ke2 50. Re6+ Kd1 51. Rc6
h5 52. h4 Ke1 53. Re6+ Kf1 54. Rf6+ Ke2 55. Re6+ Kd3 56. Rd6+ Ke3 57. Re6+ Kd4
58. Rd6+ Ke5 59. Rxd2 1/2-1/2

[Event "XIV Festival A"]
[Site "Campobasso ITA"]
[Date "2007.07.21"]
[Round "3"]
[White "Gromovs, Sergejs"]
[Black "Zimina, Olga"]
[Result "1-0"]
[WhiteElo "2368"]
[BlackElo "2377"]
[PlyCount "57"]
[EventDate "2007.07.20"]

1. d4 d5 2. c4 c6 3. Nf3 e6 4. Nc3 dxc4 5. a4 Bb4 6. e4 b5 7. Bd2 Qb6 8. Be2
Nf6 9. Qc2 O-O 10. O-O Be7 11. Bg5 Re8 12. Rfe1 Nbd7 13. e5 Nd5 14. Bxe7 Rxe7
15. Ne4 Rb8 16. Nd6 Nf8 17. Qd2 a6 18. Ng5 c5 19. axb5 axb5 20. Bh5 Ng6 21.
Bxg6 fxg6 22. Re4 Bd7 23. Rh4 h6 24. dxc5 Qxc5 25. Nge4 Qb4 26. Nf6+ Kf8 27.
Rxh6 Ree8 28. Rh8+ Ke7 29. Nxd5+ 1-0

[Event "XIV Festival A"]
[Site "Campobasso ITA"]
[Date "2007.07.21"]
[Round "3"]
[White "Guccione, Daniele"]
[Black "Mazza, Daniele"]
[Result "1-0"]
[WhiteElo "1879"]
[BlackElo "1757"]
[PlyCount "103"]
[EventDate "2007.07.20"]

1. e4 Nf6 2. e5 Nd5 3. d4 d6 4. exd6 cxd6 5. c4 Nb6 6. Nf3 g6 7. Nc3 Bg7 8. Be3
O-O 9. Bd3 Bg4 10. h3 Bxf3 11. Qxf3 Nc6 12. O-O Nxd4 13. Qxb7 Qd7 14. Qxd7 Nxd7
15. Be4 Rab8 16. Rfd1 Nf5 17. Bxf5 gxf5 18. Bxa7 Rxb2 19. Nd5 Re8 20. Bd4 Bxd4
21. Rxd4 Nb6 22. Nxb6 Rxb6 23. a4 Ra8 24. a5 Rba6 25. Rd5 Rc8 26. Ra4 Rc5 27.
Kf1 Rxd5 28. cxd5 e6 29. Ke2 Kf8 30. Kd3 Ke7 31. Kc4 Ra8 32. Kb5 Kd7 33. Kb6
Rb8+ 34. Ka7 Rb5 35. a6 Rxd5 36. Kb6 Rc5 37. a7 Rc6+ 38. Kb7 Rc7+ 39. Kb6 Rc6+
40. Kb5 Rc5+ 41. Kb4 Rc8 42. a8=Q Rxa8 43. Rxa8 e5 44. Rh8 Ke6 45. Kc4 d5+ 46.
Kd3 d4 47. Rxh7 f6 48. h4 Kd5 49. h5 e4+ 50. Kd2 f4 51. h6 d3 52. Rd7+ 1-0

[Event "XIV Festival A"]
[Site "Campobasso ITA"]
[Date "2007.07.21"]
[Round "3"]
[White "Ljubisavljevic, Zivojin Z."]
[Black "Lazarev, Vladimir"]
[Result "1/2-1/2"]
[WhiteElo "2296"]
[BlackElo "2498"]
[PlyCount "72"]
[EventDate "2007.07.20"]

1. e4 c5 2. f4 Nc6 3. Nf3 d5 4. exd5 Qxd5 5. Nc3 Qd8 6. Bb5 Bd7 7. d3 e6 8. O-O
Nh6 9. Ne5 Rc8 10. Be3 Nf5 11. Qf3 Be7 12. g4 Nxe3 13. Qxe3 O-O 14. Nxd7 Qxd7
15. Ne2 a6 16. Bxc6 Rxc6 17. Rad1 Rd8 18. Rf3 Qc7 19. Qe4 Qd7 20. g5 Qd5 21.
Qxd5 Rxd5 22. b3 h6 23. gxh6 g6 24. Rh3 Kh7 25. Ng3 f5 26. Re1 Bf8 27. Nf1 Bxh6
28. Ne3 Rd8 29. Nc4 Kg7 30. Ne5 Rc7 31. Nf3 Re7 32. Rh4 Rh8 33. Re5 b6 34. a4
a5 35. Kg2 Kg8 36. Re2 Kg7 1/2-1/2